00714nam a22002297a 4500010001100000020001000011035001100021037001800032040001200050082001600062100001700078245004900095260003000144270003900174300002600213505004100239650001300280650001900293942002500312999001900337952012800356 a138044 c25.00 a138044 bCen Lib / Ret aDPLbEN a230.22bHAZ aHazra, R. C. aStudies in the upapuranas /cby R. C. Hazra  aCalcutta bOriental Press a9. Panchanan Ghose LanebCalcutta  a(v 1. 398p)b24cm(Hb) av 1. Saura and Vaisnava Upapuranas ; aPuranas. aUpapurāṇa. 2ddccENh230.22mHAZ c136804d136804 00103v 14070aLbLd2016-03-09eCen Lib/Retg25.00l0o230.22 HAZp138044r2016-03-09 00:00:00t1v25.00w2016-03-09yEN